header

Tones and tunes. (Record no. 3574)

MARC details
000 -LEADER
fixed length control field 01323nam a2200325 a 4500
245 00 - TITLE STATEMENT
Title Tones and tunes.
260 ## - PUBLICATION, DISTRIBUTION, ETC. (IMPRINT)
Place of publication Berlin ;
-- New York :
Name of publisher Mouton de Gruyter,
Year of publication c2007-
300 ## - PHYSICAL DESCRIPTION
Number of Pages xiv, 385 p. :
Other physical details ill.
490 1# - SERIES STATEMENT
Series statement Phonology and phonetics,
650 #0 - SUBJECT ADDED ENTRY--TOPICAL TERM
Topical Term Tone (Phonetics)
Topical Term Intonation (Phonetics)
700 1# - ADDED ENTRY--PERSONAL NAME
Personal name Riad, Tomas,
Personal name Gussenhoven, Carlos,
856 40 - ELECTRONIC LOCATION AND ACCESS
Uniform Resource Identifier http://site.ebrary.com/lib/rucke/Doc?id=10282659

No items available.

© 2026 Rongo University
Contact us: librarian | system librarian | Rongo university